Identifikation dynamischer Systeme : Band II:Parameterschätzmethoden,Kennwertermittlung und Modellabgleich,Zeitvariante,nichtlineare und Mehrgrösen-Systeme,Anwendungen /

Gespeichert in:
Bibliographische Detailangaben
1. Verfasser: Isermann, Rolf (Verfasst von)
Format: Buch
Veröffentlicht: Berlin : Springer Verlag, 1988
Tags: Tag hinzufügen
Keine Tags, Fügen Sie das erste Tag hinzu!

MARC

LEADER 00000nam a22000003a 4500
001 stu16015
005 20150617225758.5
008 ------s1988----gw----------------------d
040 |a STU  |b slo 
041 0
044 |a gw 
080 |a 519.7 
100 1 |a Isermann, Rolf  |4 aut 
245 1 |a Identifikation dynamischer Systeme :  |b Band II:Parameterschätzmethoden,Kennwertermittlung und Modellabgleich,Zeitvariante,nichtlineare und Mehrgrösen-Systeme,Anwendungen /  |c [aut.]Isermann,Rolf 
260 |a Berlin :  |b Springer Verlag,  |c 1988 
300 |a 302 :  |b Tab.,grafy,lit.,index 
996 |b C85380  |c C*85380  |l CCXVI  |s P  |a 0  |w stu16015_0001 
996 |b 284M058388  |c M* 13927/2b-1  |l MMKN  |s A  |a 24  |w stu16015_0002 
996 |b 284M058391  |c M* 13927/2a-1  |l MMKN  |s A  |a 24  |w stu16015_0003